000 00675nam a2200205Ii 4500
003 JO-AjNU
008 230605s9999||||xx |||||||||||||| ||und||
040 _aJO-AjNU
_bara
_erda
_cJO-AjNU
041 _aara
050 1 4 _aPJ7862.H68.Z87 1979
100 3 _aإعداد الصيفي، إسماعيل,
_eauthor
_937662
245 0 0 _aالدراما بين شوقي وأباظة
250 _aط2
264 3 1 _aالإسكندرية: دار المعرفة الجامعية، 1979
300 _a252ص
336 _atext
_btxt
_2rdacontent
337 _aunmediated
_bn
_2rdamedia
338 _avolume
_bnc
_2rdacarrier
650 4 _aالأدب العربي - الدراما
_937663
999 _aA15757
_c19325
_d19325